Capitales les plus proches de Hong Kong (avec une carte) - Statistiques

Statistiques générales
  • Ce quiz a été pris 74 fois
  • Le résultat moyen est 13 sur 20
Réponses sur la Carte
Les réponses sont colorées sur une échelle allant du rouge au vert en fonction du pourcentage des utilisateurs qui les ont devinées à leur premier essai. Vous pouvez retrouver ces pourcentages ci-dessous.
 
Statistiques - réponses
capitale % Correct
Pékin
96%
Tokyo
94%
Séoul
87%
Hanoï
84%
Bangkok
81%
Kuala Lumpur
78%
Jakarta
76%
Manille
75%
Taipei
75%
Singapour
74%
Pyongyang
71%
Vientiane
68%
Oulan-Bator
66%
Dacca
57%
Katmandou
57%
Phnom Penh
53%
Naypyidaw
46%
Thimphou
46%
Bandar Seri Begawan
38%
Ngerulmud
10%
Aucun quiz correspondant
Distribution des résultats
% des personnes avec chaque résultat
Percentile par nombre de réponses
Votre historique - résultats
Vous n’avez pas pris ce quiz